| 000 | 00658nam a2200205 a 4500 | ||
|---|---|---|---|
| 005 | 20250807063851.0 | ||
| 008 | 040924s2002 mx r 000 0 spa d | ||
| 020 | _a9681860969 | ||
| 035 | _aUPN01000134829 | ||
| 049 | _aCG | ||
| 050 | 4 |
_aBF720 S4.5 _bB6.3 |
|
| 100 | 1 | _aBolaños, María Cristina H. | |
| 245 | 1 | 0 |
_aAprendiendo a estimular al niño : _bmanual para padres y educadores con enfoque humanista / _cMa. Cristina H. Bolaños. |
| 260 |
_aMéxico : _bLimusa : _bNoriega, _c2002. |
||
| 300 |
_a74 p. : _bil. |
||
| 650 | 2 |
_aEstimulación temprana _97970 |
|
| 650 | 7 |
_aPsicomotricidad _2 _95010 |
|
| 650 | 4 |
_aNiño, Estudio del _9221 |
|
| 905 | _aLibro | ||
| 999 |
_c106980 _d106980 |
||